| 000 | 00589cab a2200229 4500 | ||
|---|---|---|---|
| 001 | ABS60343 | ||
| 008 | 090401t1999 xxu||||| |||| 00| 0 eng d | ||
| 035 | _a(Sirsi) u92395 | ||
| 041 | _aeng | ||
| 100 | _aGordon, G. | ||
| 245 | _aHow not to do it - five ways teleworking can fail | ||
| 260 | _c1999 | ||
| 350 | _a0 | ||
| 490 |
_aFlexible Working _v4(3) March 1999, 8-9(2) |
||
| 650 | _aHOMEWORKING | ||
| 650 | _aSTAFF MANAGEMENT | ||
| 650 | _aTELEWORKING | ||
| 650 | _aWORKING FROM HOME | ||
| 690 | _aOFFICE SERVICES AND ADMINISTRATION | ||
| 942 | _n0 | ||
| 948 | _c26/03/1999 | ||
| 999 |
_c58578 _d58578 |
||